| 000 | 00382nam a2200157Ia 4500 | ||
|---|---|---|---|
| 008 | 230524s9999 xx 000 0 und d | ||
| 082 |
_a621.38 _bSCH |
||
| 100 | _aWilliam Schweber | ||
| 245 | 0 | _aElectronic Communication Systems | |
| 250 | _a1ST | ||
| 260 |
_aNEW DELHI _bPHI _c2003 |
||
| 300 | _aXVI;426 | ||
| 500 | _aQuantity Number: 2 | ||
| 650 | _aElectronics | ||
| 942 | _cBK | ||
| 999 |
_c36945 _d36945 |
||